The sanctuary of Hemithea at Kastabos /

Bibliographic Details
Main Author: Cook, J. M. (John Manuel)
Other Authors: Plommer, Hugh
Format: Book
Language:English
Published: London : Cambridge U. P., 1966.
Subjects:

MARC

Tag First Indicator Second Indicator Subfields
LEADER 00000cam a2200000 4500
001 in00000036745
005 20151007062215.0
008 760412s1966 enkabef b 00110 eng
010 |a  66067295   |z  66010449  
035 |a (OCoLC)02107014 
035 |9 AAD4220AM 
040 |a DLC  |c FNP  |d TXA  |d UtOrBLW 
049 |a TXAM  |c [981742] 
050 0 0 |a DS156.K3  |b C6 
082 0 |a 913.392403 
100 1 |a Cook, J. M.  |q (John Manuel) 
245 1 4 |a The sanctuary of Hemithea at Kastabos /  |c by J. M. Cook and W. H. Plommer. 
264 1 |a London :  |b Cambridge U. P.,  |c 1966. 
300 |a xiii, 179 pages :  |b frontispiece, illustrations, 26 plates, maps, plans, diagrams ;  |c 26 cm. 
336 |a text  |b txt  |2 rdacontent 
337 |a unmediated  |b n  |2 rdamedia 
338 |a volume  |b nc  |2 rdacarrier 
504 |a Bibliographical footnotes. 
651 0 |a Kastabos. 
700 1 |a Plommer, Hugh. 
999 |a MARS 
999 f f |s c2509d58-4264-3609-9742-ea01343af2df  |i 4aac4d0d-fde9-3894-9298-6eac11ec47da  |t 0 
952 f f |p noncirc  |a Texas A&M University  |b College Station  |c Sterling C. Evans Library  |d Bodrum (located in Turkey)  |t 0  |e DS156.K3 C6  |h Library of Congress classification  |i unmediated -- volume 
952 f f |p ric  |a Texas A&M University  |b Rellis Campus  |c Joint Library Facility  |d Remote Storage  |t 0  |e DS156.K3 C6  |h Library of Congress classification  |i unmediated -- volume  |m A14802039044 
998 f f |a DS156.K3 C6  |t 0  |l Bodrum (located in Turkey) 
998 f f |a DS156.K3 C6  |t 0  |l Remote Storage